000 00212nam a22000857a 4500
001 1236071
005 20251001124310.0
245 _aMUMYA OLMAK İSTİYORUM
_cJON SCIESZKA
260 _bGÜNIŞIĞI KİTAPLIĞI YAYINLARI
999 _c1236071
_d1236071